Les Simpson, de A à Z - Statistiques

Statistiques générales
  • Ce quiz a été pris 268 fois
    234 depuis la dernière actualisation
  • Le résultat moyen est 17 sur 26
Statistiques - réponses
Indices Réponses % Correct
Acolyte inséparable de Lenny Carl
91%
Age de Bart, reste le même après 36 saisons Dix
84%
Nombre de doigts par main de chaque personnage Quatre
84%
Prénom du créateur de la série Matt
83%
Conducteur du bus scolaire Otto
82%
Souris sanguinaire de cartoon Itchy
80%
Ponctue souvent ses frappes d un HA HA Nelson
80%
A tenté d assassiner Bart a de nombreuses reprises Tahiti Bob
80%
Sherri et Terri le sont Jumelles
75%
Nom du chef de la police de Springfield Wiggum
74%
Nom de l assistant et amoureux transi de Mr Burns Smithers
73%
Maîtresse de Bart, seconde épouse de Flanders, retirée de la série à la suite du décès de son interprète Krapabelle
72%
Le robot Bender qui fait une apparition dans les Simpson est issu de cette série Futurama
71%
Religion de Lisa Bouddhisme
70%
Nom de famille de Kirk, Luann et Milhouse Van Houten
70%
Prénom (raccourci) du père d Homer Abe
66%
Il a été gardé du corps, super héros, mascotte, déblayeur de neige parmis bien d'autres metiers Homer
66%
Kang et Kodos en sont Extraterrestre
60%
Saison comportant l'épisode dans lequel Bart scie la tête de la statue de Jebediah Springfield Un
57%
Officier de police moustachu, collègue d Eddie Lou
54%
Université américaine dans laquelle va potentiellement étudier Lisa avant de devenir presidente Yale
50%
Prénomme Artie, éternel amoureux de Marge Ziff
46%
Heros de comics tout de rouge vêtu Radioactive man
43%
Autre famille américaine de dessin animé qui a fait un crossover avec les Simpson Griffin
39%
Serie de Chris Carter dont les deux agents sont apparus dans un spécial Halloween X files
36%
Nom du doubleur français d Homer, mari du doubleur de Marge Peythieu
21%
Aucun quiz correspondant
Distribution des résultats
% des personnes avec chaque résultat
Percentile par nombre de réponses
Votre historique - résultats
Vous n’avez pas pris ce quiz depuis la dernière actualisation